Города Пензенской области - Statistics

General Stats
  • This quiz has been taken 45 times
  • The average score is 6 of 11
Answer Stats
Население Город % Correct
488 299 Пенза
93%
78 390 Кузнецк
80%
33 491 Каменка
57%
30 220 Сердобск
57%
19 873 Никольск
53%
8656 Белинский
50%
58 510 Заречный
43%
20 421 Нижний Ломов
43%
6936 Спасск
40%
6034 Сурск
33%
7796 Городище
30%
No matching quizzes found
Score Distribution
Percent of People with Each Score
Percentile by Number Answered
Your Score History
You have not taken this quiz